[Event "Esbjerg mesterskab 2024"]
[Site "Esbjerg"]
[Date "2024.10.18"]
[Round "2.3"]
[White "Hye, Allan"]
[Black "Loftgaard, Mikkel Vinh"]
[Result "0-1"]
[WhiteElo "2016"]
[BlackElo "2247"]
[WhiteFideId "1410067"]
[BlackFideId "1468480"]
[EventDate "2024.10.18"]
[EventType "swiss"]
[EventRounds "7"]
[EventCountry "DEN"]
[SourceTitle "Live"]

1. d4 Nf6 2. c4 e6 3. Nc3 Bb4 4. f3 c5 5. e3 O-O 6. a3 cxd4 7. exd4 Ba5 8. Bd3 d5 9. Ne2 dxc4 10. Bxc4 Nc6 11. Bg5 Bb6 12. d5 Ne5 13. Ba2 h6 14. Bxf6 Qxf6 15. Ne4 Qh4+ 16. N2g3 exd5 17. Qxd5 Qf4 18. Ne2 Qh4+ 19. N2g3 Qe7 20. O-O-O Be6 21. Qxe5 Be3+ 22. Rd2 Rac8+ 23. Nc3 Rxc3+ 24. bxc3 Qxa3+ 25. Kd1 Bxd2 26. Bxe6 Bxc3 27. Bxf7+ Rxf7 28. Qe8+ Rf8 29. Qe6+ Kh8 30. Kc2 Qb2+ 31. Kd3 Rd8+ 32. Ke4 Qb4+ 33. Kf5 Rf8+ 0-1